[Event "Columbus Schwarzenegger op"]
[Site "Columbus"]
[Date "2017.03.04"]
[Round "2"]
[White "Schremser, Andrew M"]
[Black "Mills, James A"]
[Result "0-1"]
[WhiteElo "1875"]
[BlackElo "2135"]
[PlyCount "74"]
[EventDate "2017.03.03"]
[EventType "swiss"]
[EventRounds "5"]
[EventCountry "USA"]
[SourceTitle "CBM 177 Extra"]
[Source "ChessBase"]
[SourceDate "2017.04.27"]
[SourceVersion "1"]
[SourceVersionDate "2017.04.27"]
[SourceQuality "1"]

1. e4 c6 2. d4 d5 3. exd5 cxd5 4. Bd3 Nc6 5. c3 g6 6. Bf4 Bg7 7. Nd2 Nh6 8. Ngf3 0-0 9. 0-0 f6 10. Re1 Nf7 11. Bb5 a6 12. Bxc6 bxc6 13. Nb3 Re8 14. Bg3 e5 15. Nfd2 Nd6 16. f3 Rb8 17. Nf1 Nc4 18. Re2 Bh6 19. Qe1 Bf5 20. Rd1 Rb7 21. f4 Bg4 22. dxe5 Bxe2 23. Qxe2 fxe5 24. fxe5 a5 25. e6 a4 26. Nc5 Rxb2 27. Qxc4 dxc4 28. Rxd8 Rxd8 29. Ne4 Bg7 30. e7 Re8 31. Bh4 Rb7 32. Nd6 Rexe7 33. Bxe7 Rxe7 34. Nxc4 Re2 35. a3 Bxc3 36. Nfe3 Bd4 37. Kf1 Rxe3 0-1